[Event "Wch U20 Girls 31st"]
[Site "Kocaeli"]
[Date "2013.09.19"]
[Round "7"]
[White "Matute Loja, Maria Belen"]
[Black "Soydan, Busra"]
[Result "1-0"]
[WhiteElo "1929"]
[BlackElo "1709"]
[PlyCount "37"]
[EventDate "2013.09.13"]
[EventType "swiss"]
[EventRounds "13"]
[EventCountry "TUR"]
[SourceTitle "CBM 156 Extra"]
[Source "ChessBase"]
[SourceDate "2013.10.22"]
[SourceVersion "1"]
[SourceVersionDate "2013.10.22"]
[SourceQuality "1"]

1. e4 e5 2. Bc4 d6 3. Nf3 Be7 4. 0-0 h6 5. d3 Nf6 6. c3 0-0 7. Bb3 c6 8. Nbd2 Nbd7 9. Re1 Nc5 10. Bc2 Qc7 11. Nf1 Kh7 12. Ng3 g6 13. h3 Re8 14. Be3 Ne6 15. Qd2 Bf8 16. Nh2 Ng8 17. d4 a5 18. d5 Nc5 19. Rad1 1-0

[Event "Wch U20 Girls 31st"]
[Site "Kocaeli"]
[Date "2013.09.17"]
[Round "5"]
[White "Tuzi, Bruna"]
[Black "Matute Loja, Maria Belen"]
[Result "0-1"]
[WhiteElo "1687"]
[BlackElo "1929"]
[PlyCount "54"]
[EventDate "2013.09.13"]
[EventType "swiss"]
[EventRounds "13"]
[EventCountry "TUR"]
[SourceTitle "CBM 156 Extra"]
[Source "ChessBase"]
[SourceDate "2013.10.22"]
[SourceVersion "1"]
[SourceVersionDate "2013.10.22"]
[SourceQuality "1"]

1. e4 c5 2. Nf3 g6 3. d4 cxd4 4. Nxd4 Bg7 5. Bc4 Nc6 6. Be3 a6 7. 0-0 d6 8. Nc3 Nf6 9. h3 0-0 10. Bb3 Na5 11. Re1 Nxb3 12. Nxb3 b5 13. Nd5 Nxd5 14. Qxd5 Be6 15. Qd3 Bxb2 16. Rab1 Bg7 17. f4 Rc8 18. f5 Bc4 19. Qd1 d5 20. Bd4 dxe4 21. fxg6 hxg6 22. Rxe4 Bxd4+ 23. Rxd4 e6 24. Qd2 Rc5 25. Qf2 Rh5 26. Qg3 Rg5 27. Qf4 Bd5 0-1

[Event "Wch U20 Girls 31st"]
[Site "Kocaeli"]
[Date "2013.09.13"]
[Round "1"]
[White "Matute Loja, Maria Belen"]
[Black "Abdumalik, Zhansaya"]
[Result "0-1"]
[WhiteElo "1929"]
[BlackElo "2277"]
[PlyCount "148"]
[EventDate "2013.09.13"]
[EventType "swiss"]
[EventRounds "13"]
[EventCountry "TUR"]
[SourceTitle "CBM 156 Extra"]
[Source "ChessBase"]
[SourceDate "2013.10.22"]
[SourceVersion "1"]
[SourceVersionDate "2013.10.22"]
[SourceQuality "1"]

1. e4 c5 2. Nf3 a6 3. d4 cxd4 4. Nxd4 Nf6 5. Nc3 e5 6. Nb3 Bb4 7. Bd2 Nc6 8. Bd3 Bxc3 9. Bxc3 d5 10. exd5 Qxd5 11. 0-0 0-0 12. Qe2 b5 13. Rad1 Qe6 14. Rfe1 Re8 15. Nc5 Qe7 16. Ne4 Nd5 17. Bd2 f5 18. Bg5 Qf8 19. Ng3 Ndb4 20. c3 Nxd3 21. Qxd3 Be6 22. Qd6 Rac8 23. Qxf8+ Kxf8 24. Be3 Kf7 25. Bc5 g6 26. f3 Rcd8 27. Bb6 Rd5 28. Nf1 f4 29. Nd2 Rb8 30. Bf2 Rbd8 31. Re2 Bf5 32. Be1 Bd3 33. Rf2 Ne7 34. Nb3 Nf5 35. Nc1 Bc4 36. Rxd5 Bxd5 37. Nd3 Kf6 38. Nb4 Bb7 39. Rd2 Rxd2 40. Bxd2 a5 41. Nd3 Nd6 42. Nc5 Bc6 43. b3 a4 44. Be1 g5 45. Bf2 h5 46. Kf1 Kf5 47. Ke2 g4 48. Bh4 Ne8 49. Be7 Nc7 50. c4 axb3 51. axb3 Ne8 52. Kf2 bxc4 53. bxc4 Ng7 54. Bd6 Ne8 55. Bb8 Nf6 56. Nd3 Nd7 57. Bc7 Bb7 58. Nb4 Ke6 59. fxg4 hxg4 60. g3 f3 61. Nc2 Nf6 62. Ne3 Be4 63. Bd8 Bf5 64. c5 Ne4+ 65. Kg1 Nxc5 66. Bb6 Nd7 67. Ba7 Nf6 68. Nxf5 Kxf5 69. Be3 Nd5 70. Bh6 Ke4 71. Bg7 Nb4 72. Kf1 Nd3 73. Bh6 Kd4 74. Bd2 e4 0-1

[Event "Capablanca Memorial op-B 48th"]
[Site "Havana"]
[Date "2013.04.24"]
[Round "4"]
[White "Caballero Rigual, Edis Alberto"]
[Black "Matute Loja, Maria Belen"]
[Result "0-1"]
[WhiteElo "2065"]
[BlackElo "1929"]
[PlyCount "128"]
[EventDate "2013.04.21"]
[EventType "swiss"]
[EventRounds "9"]
[EventCountry "CUB"]
[SourceTitle "CBM 154 Extra"]
[Source "ChessBase"]
[SourceDate "2013.06.25"]
[SourceVersion "2"]
[SourceVersionDate "2013.06.25"]
[SourceQuality "1"]

1. Nf3 d6 2. d4 Nf6 3. g3 c6 4. Bg2 Bg4 5. 0-0 Bxf3 6. Bxf3 Nbd7 7. c4 e5 8. Qb3 Qc7 9. e3 Be7 10. Nc3 0-0 11. Bd2 Rfe8 12. Rfc1 Nf8 13. d5 N8d7 14. Qc2 a5 15. Na4 g6 16. e4 Rec8 17. Qd3 Nb6 18. Nxb6 Qxb6 19. b3 Nd7 20. Bg4 Nc5 21. Qe2 Rcb8 22. Rab1 Qa6 23. Qf3 cxd5 24. cxd5 Qd3 25. Qxd3 Nxd3 26. Rc7 Bd8 27. Rd7 Nc5 28. Rxd8+ Rxd8 29. f3 f6 30. h4 Rf8 31. Be3 f5 32. exf5 gxf5 33. Bh3 Nd3 34. Rd1 Nb4 35. Bg5 Rf7 36. g4 fxg4 37. Bxg4 Kg7 38. Kh2 h6 39. Be3 Nxa2 40. Rg1 Kh7 41. Bh5 Rg7 42. Bg4 Nc3 43. Bd2 Nxd5 44. Ra1 Nf4 45. Bxf4 exf4 46. Rd1 Ra6 47. Bf5+ Kh8 48. Rd4 b5 49. Bd3 Rb6 50. Rxf4 d5 51. Rf5 a4 52. Rxd5 a3 53. Rd8+ Rg8 54. Rd7 Ra8 55. Be4 a2 56. Bxa8 a1Q 57. Rd8+ Kg7 58. Rd7+ Kf6 59. Be4 Qb2+ 60. Kg3 Qe5+ 61. Kg2 Ra6 62. Rd2 Qf4 63. Rd5 Ra2+ 64. Kf1 Qc1+ 0-1

[Event "Guayaquil pre olympic (Women)"]
[Site "Guayaquil"]
[Date "2012.03.23"]
[Round "2"]
[White "Matute Loja, Maria Belen"]
[Black "Rojas Solano, Jessenia"]
[Result "1/2-1/2"]
[WhiteElo "1925"]
[BlackElo "1904"]
[PlyCount "82"]
[EventDate "2012.03.23"]
[EventType "swiss"]
[EventRounds "7"]
[EventCountry "ECU"]
[SourceTitle "EXT 2014"]
[Source "ChessBase"]
[SourceDate "2013.11.20"]
[SourceVersion "1"]
[SourceVersionDate "2013.11.20"]
[SourceQuality "1"]

1. e4 c5 2. Nf3 Nc6 3. d4 cxd4 4. Nxd4 Nf6 5. Nc3 d6 6. g3 a6 7. Bg2 Bd7 8. 0-0 e6 9. Nb3 Be7 10. Qe2 Qc7 11. Kh1 0-0 12. f4 Rac8 13. g4 b5 14. g5 Ne8 15. Rf3 b4 16. Rh3 bxc3 17. Qh5 h6 18. bxc3 a5 19. Bb2 a4 20. Rg1 e5 21. Bf3 Bxh3 22. gxh6 Bf6 23. hxg7 Bxg7 24. Qxh3 Ne7 25. Nd2 a3 26. Bxa3 Qxc3 27. Nb1 Qxc2 28. fxe5 Ng6 29. exd6 Nxd6 30. Bxd6 Rfd8 31. e5 Qxa2 32. Be4 Qb2 33. e6 Qf6 34. exf7+ Qxf7 35. Qd3 Nf4 36. Qd2 Ne6 37. Qd5 Rc5 38. Qd3 Rh5 39. Bg6 Qd7 40. Bxh5 Qxd6 41. Qb3 Qd5+ 1/2-1/2

[Event "Pan American-ch U20 Girls"]
[Site "Duran"]
[Date "2011.06.10"]
[Round "8"]
[White "Matute Loja, Maria Belen"]
[Black "Caballero Quijano, Mitzy Mishell"]
[Result "1-0"]
[WhiteElo "1946"]
[BlackElo "1671"]
[PlyCount "55"]
[EventDate "2011.06.05"]
[EventType "swiss"]
[EventRounds "9"]
[EventCountry "ECU"]
[SourceTitle "EXT 2013"]
[Source "ChessBase"]
[SourceDate "2012.11.22"]
[SourceVersion "1"]
[SourceVersionDate "2012.11.22"]
[SourceQuality "1"]

1. e4 d6 2. d4 g6 3. Nc3 Bg7 4. Be3 Nf6 5. f3 0-0 6. Qd2 e5 7. Nge2 Nc6 8. 0-0-0 Na5 9. Bh6 Ne8 10. Bxg7 Nxg7 11. Kb1 Ne6 12. g4 c5 13. dxc5 dxc5 14. Qxd8 Rxd8 15. Rxd8+ Nxd8 16. Nd5 Ne6 17. c3 Ng5 18. Bg2 Nc4 19. Rd1 Be6 20. Rd3 Bxd5 21. exd5 Rd8 22. b3 Nb6 23. h4 Nxf3 24. Bxf3 f5 25. gxf5 gxf5 26. Bg2 e4 27. Rg3+ Kf7 28. Bh3 1-0

[Event "Pan American-ch U20 Girls"]
[Site "Duran"]
[Date "2011.06.07"]
[Round "4"]
[White "Matute Loja, Maria Belen"]
[Black "Felix Vega, Aurora Edith"]
[Result "1/2-1/2"]
[WhiteElo "1946"]
[BlackElo "1826"]
[PlyCount "119"]
[EventDate "2011.06.05"]
[EventType "swiss"]
[EventRounds "9"]
[EventCountry "ECU"]
[SourceTitle "EXT 2013"]
[Source "ChessBase"]
[SourceDate "2012.11.22"]
[SourceVersion "1"]
[SourceVersionDate "2012.11.22"]
[SourceQuality "1"]

1. e4 c5 2. Nf3 e6 3. d4 cxd4 4. Nxd4 Nf6 5. Bd3 Nc6 6. Nxc6 bxc6 7. Be3 d5 8. e5 Nd7 9. f4 Ba6 10. 0-0 Bc5 11. Bxc5 Nxc5 12. Bxa6 Nxa6 13. f5 Qb6+ 14. Kh1 exf5 15. Rxf5 Qxb2 16. Nd2 0-0 17. Rb1 Qd4 18. Qe2 Nc5 19. Rbf1 Rae8 20. c4 Nd3 21. e6 f6 22. cxd5 cxd5 23. Rd1 Nf4 24. Qf3 Nxe6 25. Rxd5 Qa4 26. Ne4 Qxa2 27. Rd7 Rb8 28. Nc3 Qc4 29. Rxa7 Rb3 30. Rc1 Qc5 31. Qd5 Rxc3 32. Qxe6+ Kh8 33. Rxc3 Qxc3 34. h3 Qc1+ 35. Kh2 Qf4+ 36. Kh1 Qc1+ 37. Kh2 Qc5 38. Qe7 Qxe7 39. Rxe7 Rb8 40. Ra7 h6 41. g4 h5 42. Ra5 hxg4 43. hxg4 Kh7 44. Ra7 Kg6 45. Kg3 Rb3+ 46. Kf4 Rb4+ 47. Kf3 Kh6 48. Ra5 Kg6 49. Rc5 Rb1 50. Ra5 Rf1+ 51. Ke4 Kh6 52. Rh5+ Kg6 53. Ra5 Rc1 54. Kf4 Rc4+ 55. Kf3 Kf7 56. Ra7+ Kg8 57. Ra8+ Kh7 58. Ra5 g6 59. Rb5 Kh6 60. Ra5 1/2-1/2